Confesiones inconfesas / (Record no. 51749)

MARC details
000 -LEADER
campo de control de longitud fija 00801nam a2200301Ia 4500
001 - NÚMERO DE CONTROL
campo de control 062305
008 - DATOS DE LONGITUD FIJA--INFORMACIÓN GENERAL
campo de control de longitud fija 221003s2021 xx 000 0 spa d
020 ## - NÚMERO INTERNACIONAL ESTÁNDAR DEL LIBRO
Número Internacional Estándar del Libro 978-84-121660-9-5
035 ## - NÚMERO DE CONTROL DEL SISTEMA
Número de control de sistema CENDO_51750
041 ## - CÓDIGO DE IDIOMA
Código de lengua del texto/banda sonora o título independiente spa
084 ## - OTRO NÚMERO DE CLASIFICACIÓN
Número de clasificación CD-17155
100 ## - ENTRADA PRINCIPAL--NOMBRE DE PERSONA
Nombre de persona CAHUN, Claude
9 (RLIN) 34448
245 #0 - MENCIÓN DEL TÍTULO
Título Confesiones inconfesas /
Mención de responsabilidad, etc. Claude Cahun ; traducción de Cristian Crusat
260 ## - PUBLICACIÓN, DISTRIBUCIÓN, ETC.
Lugar de publicación, distribución, etc. Terrades, Girona :
Nombre del editor, distribuidor, etc. Wunderkammer,
Fecha de publicación, distribución, etc. 2021
300 ## - DESCRIPCIÓN FÍSICA
Extensión 266 p. ;
Dimensiones 20 cm
490 ## - MENCIÓN DE SERIE
Mención de serie Áurea ;
Designación de volumen o secuencia 5
650 ## - PUNTO DE ACCESO ADICIONAL DE MATERIA--TÉRMINO DE MATERIA
Término de materia o nombre geográfico como elemento de entrada ORIENTACION SEXUAL
9 (RLIN) 6099
650 ## - PUNTO DE ACCESO ADICIONAL DE MATERIA--TÉRMINO DE MATERIA
Término de materia o nombre geográfico como elemento de entrada CULTURA
9 (RLIN) 546
650 ## - PUNTO DE ACCESO ADICIONAL DE MATERIA--TÉRMINO DE MATERIA
Término de materia o nombre geográfico como elemento de entrada LITERATURA
9 (RLIN) 7673
700 ## - ENTRADA AGREGADA--NOMBRE PERSONAL
Nombre de persona CRUSAT, Cristian,
Término indicativo de función/relación trad.
9 (RLIN) 34449
901 ## - ELEMENTOS DE DATOS A LOCAL LDA (RLIN)
a 1
903 ## - ELEMENTOS DE DATOS C LOCAL, LDC (RLIN)
a NO
904 ## - ELEMENTOS DE DATOS D LOCAL, LDD (RLIN)
a 000
953 ## -
-- 2021-11-02
-- MONOGRAFIA
-- CD-17155
910 ## - DATOS DE OPCIÓN DEL USUARIO (OCLC)
Datos de opción del usuario 2021
942 ## - ELEMENTOS DE ENTRADA SECUNDARIOS (KOHA)
Tipo de ítem Koha Monografía
Holdings
Estatus retirado Estado de pérdida Estado de daño No para préstamo Biblioteca de origen Biblioteca actual Fecha de adquisición Total de préstamos Signatura topográfica completa Código de barras Visto por última vez Precio de reemplazo Tipo de ítem Koha
        CENDO CENDO 02/11/2021   CD-17155 CENDO_51750 05/10/2022 05/10/2022 Monografía